Music Quiz

Random Music or Word Play Quiz

Music Pop-Ups Quiz Stats

 Plays Quiz Updated Jun 27, 2018

Also try: Movie Pop-Ups
Challenge
Share
Tweet
Score 0/10 Timer 06:00
0 Plays Today
% Correct
Bohemian Rhapsody
93.8%
Hey Jude
75.9%
Eye of the Tiger
67.2%
Space Oddity
62.8%
Hotel California
62.3%
Purple Rain
54.8%
Lose Yourself
51.9%
Stairway to Heaven
49.6%
Jailhouse Rock
48.1%
Hotline Bling
27.2%

You're not logged in!

Compare scores with friends on all Sporcle quizzes.
Join for Free
OR
Log In

You Might Also Like...

Show Comments

Extras

Top Quizzes Today


Score Distribution

Your Account Isn't Verified!

In order to create a playlist on Sporcle, you need to verify the email address you used during registration. Go to your Sporcle Settings to finish the process.

Report this User

Report this user for behavior that violates our Community Guidelines.

Details: